Úloha krasového reliéfu pri vyčleňovaní geomorfologických jednotiek Slovenska

Bibliographic Details
Main Author: Jakál, Jozef, 1936-2025 (Author)
Format: Article
Language:Slovak
Subjects:

MARC

LEADER 00000nab a2200000 a 4500
001 vtls010256595
003 SK-MaSNL
005 20260305002053.0
008 14022809c2007 xo o |||||||||||||||b|sl
015 |a SNBRB2008/05 
035 |a SVKKK000089517 
038 |a SVKKK 
040 |a SVKKK  |b slo  |c SVKKK  |e AACR2 
041 0 |a slo  |b eng 
044 |a xo  |c SK 
080 |a 551.435.8  |2 1997 
100 1 |a Jakál, Jozef,  |d 1936-2025  |4 aut  |9 104902 
245 1 0 |a Úloha krasového reliéfu pri vyčleňovaní geomorfologických jednotiek Slovenska  |c Jozef Jakál 
300 |b Obr., tab. 
504 |a Bibliogr. odkazy 
546 |a Res. angl. 
650 0 7 |a krasové reliéfy  |x geomorfologické jednotky  |z Slovensko  |2 snkbucl  |9 1577667 
773 0 |t Geografický časopis  |g Roč. 59, č. 3 (2007), s. 293-302  |x 0016-7193 
852 |a SVKKK  |b BIB 
958 |a NB 
958 |a SK 
999 |c 3223621  |d 3225551